| 000 | 01116nam a2200253 a 4500 | ||
|---|---|---|---|
| 999 |
_c447127 _d447127 |
||
| 003 | BLK | ||
| 005 | 20230628140231.0 | ||
| 008 | 180410b bul|||||r ||||||| ||bul|| | ||
| 040 | _aBLK | ||
| 041 |
_aBUL _cBUL |
||
| 080 |
_aИкономика на промишлеността. Промишлено производство _b338.45 _x(497.21)(062) _z338.45(497.21)(062) |
||
| 139 | _bП 63 | ||
| 245 | 1 | 0 |
_aПовишаване ефективтността на икономиката чрез по-палното използване на основните фондове в промишлеността на град Русе _bДоклад пред пленум на Градския комитет на БКП _h[Малотир. изд.] |
| 260 |
_aРусе _bОК на БКП - Русе _c1978 _9218041 |
||
| 300 |
_a94 с. _c21 см |
||
| 380 | _a3 | ||
| 650 | 0 |
_9317889 _aБКП - икономическа политика |
|
| 653 | 7 |
_9194725 _aпромишленост |
|
| 852 |
_bК _cК 338.4/П 63 |
||
| 856 | 4 | _qpdf | |
| 856 | 4 | _qpdf | |
| 942 |
_cKNG _n0 _s1 _01 |
||
| 944 |
_aCR _c2022-03-04 _kвр |
||